000 01216nam a2200229Ia 4500
001 L200-53639
003 IT-CnALBA
008 170116s9999||||xx |||||||||||||| ||und||
040 _aIT-CnALBA
_cIT-CnALBA
041 _aITALIANO
100 _aMOSSO DOMENICO
245 0 _aLA MESSA E IL MESSALE. L'ARTE DI CELEBRARE BENE.
250 _a1a ed.
260 _aTORINO
_bELLE DI CI - LEUMANN
_c1985 [1° Ed.:1985 - Ed.Ling.Originale: 1985]
300 _a128 p.
500 _aPRESENTAZIONE. BUON USO DEI LIBRI LITURGICI. IL PRETE E GLI ALTRI. DIRITTI DOVERI COMPETENZE. LA PRESIDENZA. ULTIMO PENSIERO? DOVERE PROFESSIONALE. ABBASSO I FOGLIETTI. IL DISTINTIVO DELLA FEDE. CHIERICHETTI E AFFINI. CANTO E PREGHIERA. LITURGIA E TECNOLO
501 _aSocietà San Paolo EM - Piazza San Paolo, 14 - 12051 ALBA (CN) (non commercial uses only) ® Copyright 2017
520 _aPRESENTAZIONE. BUON USO DEI LIBRI LITURGICI. IL PRETE E GLI ALTRI. DIRITTI DOVERI COMPETENZE. LA PRESIDENZA. ULTIMO PENSIERO? DOVERE PROFESSIONALE. ABBASSO I FOGLIETTI. IL DISTINTIVO DELLA FEDE. CHIERICHETTI E AFFINI. CANTO E PREGHIERA. LITURGIA E TECNOLO
650 _aRELIGIONE - RELIGIONE CRISTIANA
942 _cBK
957 _71
999 _a71129
_bNO
_g Copie: 1
_c312518
_d312518